00907nam a2200253 a 4500999001500000001000600015003000900021005001700030008004100047020001800088040003800106082001900144100002200163245007500185260005400260300002800314490004100342504005300383650001700436650004800453700002300501942001200524952011700536 c4011d401118468BD-DhUAP20200316133024.0200316s2010 enk b 000 0 eng  a9781107400146 aBD-DhAALcBD-DhAALbEngdBD-DhUAP00223a306.44 ROS1 aRose, Kenneth R.  aPragmatics in language teaching /cKenneth R Rose and Gabriele Kasper. aCambridge :bCambridge University Press,cc 2010. axi, 368 pages ;c22 cm.0 aCambridge applied linguistics series aIncludes bibliographical references [117-126 p.] 0aPragmatics.  0aLanguage and languagesvStudy and teaching. aKasper, Gabriele.  2ddccBK 00102ddc4070aUAPCLbUAPCLcGeneral Stacksd2020-03-16o306.44 ROSp3010018468r2020-03-16t1w2020-03-16yBK